000 01626nam0a22003251 4500
001 rc\2814932
005 20250806211012.0
035 _a(NLR Aleph) 006940709
090 _a37504
_c37504
100 _a20110915d1945 u y0rusy50 ca
101 0 _arus
102 _aRU
105 _aab z |||a|
200 1 _aБратья-герои
_e[Рассказы о партизанах, Героях Советского Союза, братьях Игнатовых]
_e[Для сред. возраста]
_fП. Игнатов, командир партизан. отряда
_gЛит. редакция П. Лопатина
_gРис. худож.-партизана А. Глуховцева
210 _aМосква
_aЛенинград
_cизд. и ф-ка дет. книги Детгиза
_d1945
_eМосква
215 _a96 с., 9 л. ил., карт.
_cзаставка, концовка
_d25 см.
225 1 _aВоенная библиотека школьника
700 1 _aИгнатов
_bП. К.
_f1894-1984
_gПетр Карпович
702 1 _aГлуховцев
_bА. Е.
_f1910-1998
_gАлександр Ерофеевич
_3RU\NLR\AUTH\770193360
_4440
702 1 _aЛопатин
_bП.
_4340
702 1 _aИгнатов
_bГ. П.
_f1925-1942
_gГеннадий Петрович
_4570
702 1 _aИгнатов
_bЕ. П.
_f1915-1942
_gЕвгений Петрович
_4570
801 0 _aRU
_bNLR
_gpsbo
801 1 _aRU
_bELAR
_2rusmarc
852 _aNLR
_jДл02 Г-7/25
942 _cBOOK
945 _aРоссийская национальная библиотека
980 _aNB
980 _aBV